000 00393nam a2200145Ia 4500
008 090124s9999 xx 000 0 und d
082 _b305203
245 _a बाकी शुन्य
250 _a1
260 _bवालावलकर कमलेश
_c2005
300 _a520
630 _a बाकी शुन्य
730 _a बाकी शुन्य
942 _cBOOK
999 _c195181
_d195181